Statistics for EP Taylor Swift Quiz

Click here to take the quiz!

General Stats

  • This quiz has been taken 16 times
  • The average score is 16 of 21

Answer Stats

HintAnswer% Correct
You take a deep breath and you walk through the doorsFifteen
100%
It was the best of times, the worst of crimesGetaway Car
100%
Stolen kisses, pretty lies, You're the king, baby, I'm your queenBlank Space
92%
So I play 'em like a violin, And I make it look, oh, so easyI Did Something Bad
92%
We could let our friends crash in the living roomLover
92%
Mr. I've been waiting for you all my lifeMr Perfectly Fine
92%
Loving him is like trying to change your mindRed
92%
He's got a one-hand feel on the steering wheelOur Song
83%
Nothing lasts forever, But this is gonna take me downWildest Dreams
83%
I'm damned if I do give a damn what people sayLavender Haze
75%
And I heard you moved on from whispers on the streetI Knew You Were Trouble
67%
So close your eyes, escape this town for a little whileLove Story
67%
Candle wax and Polaroids on the hardwood floorNew Year's Day
67%
Matches burn after the other, Pages turn and stick to each otherRight Where You Left Me
67%
Now I'm searching the room for an empty seat (The Story Of...)Us
67%
Walkin' the streets with you in your worn-out jeansYou Belong With Me
67%
I could've spent forever with your hands in my pocketsDancing With Our Hands Tied
58%
Same old tired lonely place, Walls of insincerityEnchanted
58%
You're smoking with your boys, I touch my phone as if it's your faceYou're On Your Own Kid
58%
I'd meet you where the spirit meets the bonesIvy
50%
And all my walls stood tall, painted blueEverything Has Changed
33%

Score Distribution

Percentile by Number Answered

Percent of People with Each Score

Your Score History

You have not taken this quiz